| 000 | 00662nam a2200229 a 4500 | ||
|---|---|---|---|
| 001 | 14055 | ||
| 003 | BD-JhCC | ||
| 005 | 20240530082839.0 | ||
| 008 | 171126s20022022us |||| ||a| 001 0 eng d | ||
| 035 | _a(BD-JhCC)14055 | ||
| 040 |
_aBD-JhCC _dBD-JhCC |
||
| 041 | _aeng | ||
| 082 |
_a425 _bHUD 2022 |
||
| 100 | _a Huddleston, Rodney | ||
| 245 |
_aA Student's Introduction to English Grammar / _cRodney Huddleston, Geoffrey K. Pullum, Brett Reynolds |
||
| 260 |
_aLondon : _bCambridge University Press, _c2022. |
||
| 300 |
_a400 p. : _c22 cm. |
||
| 650 | _aEnglish Grammer | ||
| 700 | _a K. Pullum,Geoffrey | ||
| 700 | _a Reynolds, Brett | ||
| 942 |
_2ddc _cBK |
||
| 999 |
_c14055 _d14055 |
||